[Event "SM-2022-0-00476"]
[Site "LSS email"]
[Date "2022.07.31"]
[Round "?"]
[White "Borisovs, Leonids"]
[Black "Catozzi, Mauro"]
[Result "1/2-1/2"]
[WhiteElo "2224"]
[BlackElo "2182"]
[PlyCount "44"]
[EventDate "2022.06.15"]
[EventType "tourn (corr)"]
[EventRounds "6"]
[EventCountry "GER"]
[SourceTitle "Corr 2024"]
[Source "ChessBase"]
[SourceDate "2023.10.19"]
[SourceVersion "1"]
[SourceVersionDate "2023.10.19"]
[SourceQuality "1"]

1. d4 d5 2. c4 c6 3. Nf3 Nf6 4. Nc3 e6 5. Bg5 h6 6. Bh4 dxc4 7. e4 g5 8. Bg3 b5 9. h4 g4 10. Ne5 Nbd7 11. Be2 Bb7 12. Nxg4 b4 13. Nxf6+ Nxf6 14. Na4 Nxe4 15. Be5 Rg8 16. Bxc4 Bd6 17. Qh5 c5 18. d5 Bxd5 19. Bxd5 exd5 20. 0-0-0 Nf6 21. Bxf6 Qxf6 22. Rxd5 Rxg2 1/2-1/2

[Event "CP-2021-S-00002"]
[Site "LSS email"]
[Date "2021.01.26"]
[Round "?"]
[White "Borisovs, Leonids"]
[Black "Reyes Sablon, Alberto"]
[Result "1/2-1/2"]
[WhiteElo "2237"]
[BlackElo "2162"]
[PlyCount "72"]
[EventDate "2021.01.26"]
[EventType "tourn (corr)"]
[EventRounds "7"]
[EventCountry "GER"]
[SourceTitle "Corr 2024"]
[Source "ChessBase"]
[SourceDate "2023.10.19"]
[SourceVersion "1"]
[SourceVersionDate "2023.10.19"]
[SourceQuality "1"]

1. e4 e6 2. d4 d5 3. e5 c5 4. c3 Nc6 5. Nf3 Bd7 6. Be2 Nge7 7. 0-0 cxd4 8. cxd4 Nf5 9. Nc3 a6 10. Bg5 Qb6 11. Na4 Qa7 12. Be3 Be7 13. Rc1 Na5 14. Bd3 Nxe3 15. fxe3 Nc4 16. Bxc4 dxc4 17. Nc3 0-0 18. Ne4 Bc6 19. Nfd2 b5 20. Qg4 Kh8 21. Rf3 Bb4 22. Rg3 f5 23. exf6 gxf6 24. Qxe6 Qd7 25. Qxd7 Bxd7 26. a3 Be7 27. Nc5 Bc6 28. Ne6 Rf7 29. Nf4 Re8 30. Kf2 Bd7 31. Nb1 Bd6 32. Nc3 a5 33. h3 Rff8 34. Ncd5 Bf5 35. Kg1 Rc8 36. Rf3 b4 1/2-1/2

[Event "FICGS W-ch st1 g03 email"]
[Site "FICGS email"]
[Date "2020.11.05"]
[Round "1"]
[White "Borisovs, Leonids"]
[Black "Csoma, Robert"]
[Result "1-0"]
[WhiteElo "2050"]
[BlackElo "1648"]
[PlyCount "33"]
[EventDate "2020.??.??"]
[EventType "tourn (corr)"]
[EventRounds "8"]
[SourceTitle "Corr 2022"]
[Source "ChessBase"]
[SourceDate "2021.10.24"]
[SourceVersion "1"]
[SourceVersionDate "2021.10.24"]
[SourceQuality "1"]

1. d4 b5 2. e4 Bb7 3. Bd3 Nf6 4. Nd2 g6 5. Ngf3 Bg7 6. e5 Nd5 7. Bxb5 a6 8. Bd3 0-0 9. Ne4 d6 10. e6 fxe6 11. h4 Nc6 12. h5 Ncb4 13. hxg6 Nxd3+ 14. Qxd3 hxg6 15. Nfg5 Qd7 16. Nc5 dxc5 17. Rh8+ 1-0

[Event "FICGS W-ch st1 g03 email"]
[Site "FICGS email"]
[Date "2020.11.05"]
[Round "1"]
[White "Borisovs, Leonids"]
[Black "Flores, Luis"]
[Result "1/2-1/2"]
[WhiteElo "2050"]
[BlackElo "2141"]
[PlyCount "45"]
[EventDate "2020.??.??"]
[EventType "tourn (corr)"]
[EventRounds "8"]
[SourceTitle "Corr 2022"]
[Source "ChessBase"]
[SourceDate "2021.10.24"]
[SourceVersion "1"]
[SourceVersionDate "2021.10.24"]
[SourceQuality "1"]

1. d4 Nf6 2. c4 g6 3. Nf3 Bg7 4. g3 0-0 5. Bg2 d6 6. 0-0 Bf5 7. Nc3 c6 8. b3 Ne4 9. Bb2 Nxc3 10. Bxc3 Be4 11. e3 Re8 12. Bh3 e6 13. Qe2 h5 14. Nd2 Bf5 15. Bg2 e5 16. d5 e4 17. Bxg7 Kxg7 18. f3 cxd5 19. cxd5 exf3 20. Qxf3 Nd7 21. e4 Ne5 22. Qf2 Bd7 23. Nc4 1/2-1/2

[Event "FICGS W-ch st1 g03 email"]
[Site "FICGS email"]
[Date "2020.11.05"]
[Round "1"]
[White "Hallqvist, Niklas"]
[Black "Borisovs, Leonids"]
[Result "1/2-1/2"]
[WhiteElo "2114"]
[BlackElo "2050"]
[PlyCount "108"]
[EventDate "2020.??.??"]
[EventType "tourn (corr)"]
[EventRounds "8"]
[SourceTitle "Corr 2022"]
[Source "ChessBase"]
[SourceDate "2021.10.24"]
[SourceVersion "1"]
[SourceVersionDate "2021.10.24"]
[SourceQuality "1"]

1. c4 g6 2. g3 Bg7 3. Bg2 Nf6 4. Nc3 0-0 5. Nf3 c5 6. 0-0 Nc6 7. d4 cxd4 8. Nxd4 Nxd4 9. Qxd4 d6 10. Qd3 a6 11. a4 Rb8 12. Bf4 Nd7 13. Qe3 Ne5 14. b3 Bf5 15. Rac1 Nc6 16. Rfd1 e5 17. Bg5 f6 18. Bh6 Bxh6 19. Qxh6 Nd4 20. b4 Kh8 21. Qe3 Qd7 22. a5 Nb3 23. c5 Nd4 24. cxd6 Nb3 25. h3 Nxc1 26. Qxc1 b6 27. g4 Be6 28. axb6 Rxb6 29. Ne4 Rxb4 30. Nc5 Qf7 31. Qc3 Rbb8 32. d7 Qe7 33. g5 Rfd8 34. gxf6 Qxf6 35. e3 Bf5 36. f4 Qg7 37. Qxe5 Qxe5 38. fxe5 Rb6 39. Bd5 Rxd7 40. Nxd7 Bxd7 41. Kg2 Rb8 42. e6 Bb5 43. Kf3 Kg7 44. Ke4 Kf6 45. Rd2 Be8 46. Rf2+ Ke7 47. Ke5 Rc8 48. Ra2 Bb5 49. Rf2 Be8 50. Rb2 Bb5 51. e4 Rc1 52. h4 Rc7 53. Rb3 h5 54. Rb1 Rc2 1/2-1/2

[Event "FICGS class A 000239 email"]
[Site "FICGS email"]
[Date "2020.10.21"]
[Round "1"]
[White "Hallqvist, Niklas"]
[Black "Borisovs, Leonids"]
[Result "1-0"]
[WhiteElo "2109"]
[BlackElo "2042"]
[PlyCount "73"]
[EventDate "2020.??.??"]
[EventType "tourn (corr)"]
[EventRounds "6"]
[SourceTitle "Corr 2022"]
[Source "ChessBase"]
[SourceDate "2021.10.24"]
[SourceVersion "1"]
[SourceVersionDate "2021.10.24"]
[SourceQuality "1"]

1. c4 g6 2. g3 Bg7 3. Bg2 Nf6 4. Nc3 0-0 5. d4 d6 6. Nf3 Nbd7 7. 0-0 e5 8. e4 c6 9. h3 Qb6 10. c5 dxc5 11. dxe5 Ne8 12. e6 fxe6 13. Ng5 Ne5 14. f4 Nf7 15. Nxf7 Bd4+ 16. Kh2 Rxf7 17. e5 Rd7 18. Qc2 Nc7 19. Ne4 Nd5 20. h4 Re7 21. a4 a5 22. g4 Qb4 23. g5 Kh8 24. Nf6 Bd7 25. Ra3 Rd8 26. Be4 Be8 27. h5 gxh5 28. Rh3 b5 29. Kh1 Rg7 30. Nxh7 Qc4 31. Qxc4 bxc4 32. Nf6 Bg6 33. Bxg6 Rxg6 34. Rxh5+ Kg7 35. Rh7+ Kf8 36. Bd2 Nxf6 37. exf6 1-0

[Event "FICGS class A 000239 email"]
[Site "FICGS email"]
[Date "2020.10.21"]
[Round "1"]
[White "Slawomir, Weglicki"]
[Black "Borisovs, Leonids"]
[Result "0-1"]
[WhiteElo "2127"]
[BlackElo "2042"]
[PlyCount "104"]
[EventDate "2020.??.??"]
[EventType "tourn (corr)"]
[EventRounds "6"]
[SourceTitle "Corr 2022"]
[Source "ChessBase"]
[SourceDate "2021.10.24"]
[SourceVersion "1"]
[SourceVersionDate "2021.10.24"]
[SourceQuality "1"]

1. Nf3 Nf6 2. c4 g6 3. Nc3 Bg7 4. e4 d6 5. d4 0-0 6. Be2 Na6 7. 0-0 e5 8. Re1 exd4 9. Nxd4 Nc5 10. f3 Nh5 11. Be3 Qh4 12. Bf2 Qg5 13. h4 Qe7 14. Nd5 Qd8 15. g4 Nf6 16. Qc1 h5 17. g5 Nxd5 18. cxd5 a5 19. Bc4 f6 20. gxf6 Qxf6 21. Qg5 Qxg5+ 22. hxg5 Bh3 23. Rac1 Rae8 24. b3 Rf7 25. Rc2 Be5 26. Rd1 Kh7 27. Be3 Bd7 28. Kg2 b6 29. Rf2 Bf4 30. Bxf4 Rxf4 31. Kg3 Rf7 32. Rg2 b5 33. Bd3 Re5 34. Kh2 Kg7 35. a3 a4 36. bxa4 bxa4 37. Bc2 Rf4 38. Rb1 Rf8 39. Rb4 Re7 40. Rb1 Re5 41. Rb2 Ree8 42. Bd1 Rb8 43. Rb4 Kg8 44. Rgb2 Rbe8 45. Rd2 Rf4 46. Bc2 Rh4+ 47. Kg1 Rf4 48. Rf2 Re5 49. Rg2 Re8 50. Rb1 Rff8 51. Kh2 Kg7 52. Re1 Re5 0-1

[Event "FICGS class A 000239 email"]
[Site "FICGS email"]
[Date "2020.10.21"]
[Round "1"]
[White "Wilson, Norman"]
[Black "Borisovs, Leonids"]
[Result "1/2-1/2"]
[WhiteElo "2120"]
[BlackElo "2042"]
[PlyCount "63"]
[EventDate "2020.??.??"]
[EventType "tourn (corr)"]
[EventRounds "6"]
[SourceTitle "Corr 2022"]
[Source "ChessBase"]
[SourceDate "2021.10.24"]
[SourceVersion "1"]
[SourceVersionDate "2021.10.24"]
[SourceQuality "1"]

1. Nf3 Nf6 2. d4 g6 3. e3 Bg7 4. c4 0-0 5. Be2 c5 6. dxc5 Na6 7. 0-0 Nxc5 8. b4 Nce4 9. Bb2 b6 10. Nc3 Nxc3 11. Bxc3 Bb7 12. h3 Rc8 13. Qb3 Qc7 14. Rac1 d6 15. Rfd1 Rfd8 16. Be1 a6 17. a4 Nd7 18. Nd4 e5 19. Nc2 a5 20. c5 bxc5 21. bxa5 Nf6 22. a6 Ba8 23. Qb5 Re8 24. Ba5 Qe7 25. Na3 d5 26. Bb6 c4 27. Nxc4 dxc4 28. Bxc4 Bf8 29. f3 Bh6 30. a5 Kg7 31. Qb3 Bg5 32. Kh1 1/2-1/2